Responses for show #3467 - Tuesday, October 5, 1999

Contestants

Lisa Meier, an attorney from San Diego, California

Jonathan Seamans, a budget analyst from Providence, Rhode Island

Leslie Quickley, a sous chef from New York City, New York (whose 1-day cash winnings total $10,001)

Jeopardy! Round responses

ART & ARTISTS
2000 CALENDARS
VEGGIES
WAY TO GO
FICTIONAL BARTENDERS
ANAGRAMMED MUSICALS
    $100 13
The Last Supper

Leslie
    $100 21
Coca-Cola

Lisa
    $100 8
zucchini

Lisa
    $100 10
guillotine

Lisa
    $100 3
Cheers

Jonathan
    $100 26
(Jonathan: [No response])

Camelot

Jonathan
Triple Stumper
    $200 17
still life

Leslie
    $200 22
the White House

Leslie
    $200 9
rhubarb

Jonathan
    $200 11
firing squad

Leslie
    $200 4
The Love Boat

Lisa
    $200 27
Pal Joey

Triple Stumper
    $300 18
Napoleon

Leslie
    $300 23
The Saturday Evening Post

Jonathan
    $300 1
cabbage

Leslie
    $300 14
hanging

Lisa
    $300 5
Jackie Gleason

Triple Stumper
    $300 28
(Lisa: What is Fiddler on the Roof?)
...
(Alex: Want to make it four in a row?!)

My Fair Lady

Lisa
Triple Stumper
    $400 19
(Leslie: What is Venice?)
...
(Alex: Right city, but going for the square.)

Saint Mark's Square

Leslie
Triple Stumper
    $400 24
station wagons

Leslie
    $400 2
a scallion

Jonathan
    $400 15
electrocution

Jonathan
    $500 6
Tony Danza

Lisa
    $400 29
West Side Story

Jonathan
    $500 20
Arachne

Lisa
    $500 25
Antoine de Saint-Exupéry

Lisa
    $500 12
a radish

Lisa
    $500 16
crucifixion

Lisa
    $500 7
John Goodman

Lisa
    $500 30
The Sound of Music

Jonathan

Scores at the first commercial break (after clue 15):

Leslie Jonathan Lisa
$600 $1,100 $2,200

Scores at the end of the Jeopardy! Round:

Leslie Jonathan Lisa
$1,300 $2,200 $3,500

Double Jeopardy! Round responses

SOLDIERS
LITERARY CROSSWORD CLUES "G"
SILENT MOVIES
SALEM
MASS
DESTRUCTION
    $200 4
(Leslie: Who is Alexander?)

Hippocrates

LeslieLisa
    $200 1
Gatsby

Lisa
    $200 7
Charlie Chaplin

Lisa
    $200 21
a homily (or sermon)

Jonathan
    $200 13
Amazon rainforest

Jonathan
    $400 19
Andre Maginot

Jonathan
    $400 2
(Allen) Ginsberg

Lisa
    $400 8
John Barrymore

Lisa
    $400 22
bread & wine

Lisa
    $400 14
cars

Jonathan
    $600 17
William Westmoreland

Leslie
    $600 3
Gorky

Jonathan
    $600 9
Birth of a Nation

Lisa
    $600 26
Nathaniel Hawthorne

Leslie
    $600 23
the Lord's Prayer

Leslie
    $600 12
(Jonathan: What is Yugoslavia?)

Kosovo

JonathanLisa
    $800 18
(Lisa: Who is Hitler?)
...
(Alex: [*] appointed Hitler.)

Paul von Hindenburg

JonathanLisa
    $800 5
Gargantua

Triple Stumper
    $800 10
Peter Pan

Leslie
    $800 27
Thomas A. Watson

Leslie
    $800 24
(Lisa: What is lacrimosa?)
...
(Alex: We have a minute left in this round.)

a requiem

LeslieLisa
    $800 15
(Jonathan: What is Armageddon?)

Lamentations

LeslieJonathan
    $1000 20
(Leslie: Who is Lao-Tzu?)
...
(Alex: I didn't know Lao-Tzu was German!)

Carl von Clausewitz

Leslie
Triple Stumper
    $1000 6
Gordimer

Triple Stumper
    $1000 11
(Leslie: Who is Flynn?)

Douglas Fairbanks, Sr.

Leslie
Triple Stumper
    $1000 28
[The end-of-round signal sounds.]

a library

Leslie
    $400 25
Pope Gregory I

Leslie
    $1000 16
(Jonathan: Who is Vishnu?)

Shiva

LeslieJonathan

Scores at the end of the Double Jeopardy! Round:

Leslie Jonathan Lisa
$6,500 $2,400 $4,900

[wagering suggestions for these scores]

Final Jeopardy! Round responses

COUNTRIES OF THE WORLD
(Alex: Geography question, obviously!)
(Alex: Remind me not to toy around with the champ tomorrow!)
JonathanWhat is [IR] Pakistan?
$100
LisaWhat is Jordan?
$4,900
LeslieWhat is Iraq?
$3,301
Iraq

Final scores:

Leslie Jonathan Lisa
$9,801 $2,300 $0
2-day champion: $19,802 2nd place: Hewlett-Packard HP Pavilion Multimedia Desktop PC & Broyhill Computer Home Office Cabinet 3rd place: Set of Calypso Watches

Game dynamics:

Coryat scores:

Leslie Jonathan Lisa
$7,100 $2,400 $4,800
17 R
(including 2 DDs),
4 W
13 R,
4 W
19 R
(including 1 DD),
3 W

Combined Coryat: $14,300

The J! Archive is created by fans, for fans. The Jeopardy! game show and all elements thereof, including but not limited to copyright and trademark thereto, are the property of Jeopardy Productions, Inc. and are protected under law. This website is not affiliated with, sponsored by, or operated by Jeopardy Productions, Inc. Join the discussion at JBoard.tv.